000 00859nam a2200253Ia 4500
003 OSt
005 20221005112814.0
006 a|||||r|||| 00| 0
007 ta
008 221004b |||||||| |||| 00| 0 pan d
020 _c320
024 _a116296
037 _b577, 04/02/2012, H.K. Prakashan
_cTextual
040 _aCRL
_cCRL
_bpan
041 _2pan
_apan
082 _aV236:24N20.N3, 153L2;P0
100 _aਜੋ, ਸੋਹਨ ਸਿੰਘ
245 0 _aਅਕਾਲੀ ਮੋਰਚਿਆਂ ਦਾ ਇਤਿਹਾਸ
260 _aਦਿੱਲੀ
_bਆਰਸੀ ਭਾਰਤ
_c2000
300 _a520ਪੰ
_ccm.
650 _aਭਾਰਤੀਯ ਇਤਿਹਾਸ
942 _hV236:24N20.N3, 153L2;P0
_cTEXL
_2cc
999 _c1026031
_d1026031